|
|
|
|
| LEADER |
00000nam0a2200000 4500 |
| 001 |
67190 |
| 005 |
20250225063226.0 |
| 010 |
|
|
|a 5751117190
|
| 035 |
|
|
|a (RuTPU)RU\TPU\book\71552
|
| 090 |
|
|
|a 67190
|
| 100 |
|
|
|a 20040914d2003 k y0rusy50 ca
|
| 101 |
0 |
|
|a rus
|
| 102 |
|
|
|a RU
|
| 105 |
|
|
|a y z 110zy
|
| 200 |
1 |
|
|a Единая образовательная информационная среда: проблемы и пути развития
|e Материалы II Всероссийской научно-практической конференции-выставки, посвященной 125-летию Томского государственного университета и 5-летию ассоциации образовательных и научных учреждений "Сибирский открытый университет", Томск, 8-11 сентября 2003 г.
|f Томский государственный университет
|
| 210 |
|
|
|a Томск
|c Изд-во Томского ун-та
|d 2003
|
| 215 |
|
|
|a 334 с.
|
| 610 |
1 |
|
|a образование
|
| 610 |
1 |
|
|a образовательная деятельность
|
| 610 |
1 |
|
|a образовательная среда
|
| 610 |
1 |
|
|a информационная среда
|
| 610 |
1 |
|
|a информационные технологии
|
| 610 |
1 |
|
|a электронные учебные пособия
|
| 610 |
1 |
|
|a информатизация
|
| 610 |
1 |
|
|a телекоммуникации
|
| 610 |
1 |
|
|a телекоммуникационные технологии
|
| 610 |
1 |
|
|a интернет-ресурсы
|
| 610 |
1 |
|
|a автоматизированные информационные системы
|
| 610 |
1 |
|
|a информационная безопасность
|
| 610 |
1 |
|
|a конференции
|
| 686 |
|
|
|a Ч312.3л0
|v LBC/SL-A
|2 rubbk
|
| 686 |
|
|
|a Ч481.23л0
|v LBC/SL-A
|2 rubbk
|
| 712 |
0 |
2 |
|a Томский государственный университет
|c 1917-2009
|7 ca
|8 rus
|2 stltpush
|3 (RuTPU)RU\TPU\col\397
|9 23396
|
| 712 |
1 |
2 |
|a Единая образовательная информационная среда: проблемы и пути развития
|b Всероссийская научно-практическая конференция-выставка
|d 2
|e Томск
|f 2003
|
| 801 |
|
1 |
|a RU
|b 63413507
|c 20040914
|g PSBO
|
| 801 |
|
2 |
|a RU
|b 63413507
|c 20081113
|g PSBO
|
| 942 |
|
|
|c BK
|